000 00352nam a2200133Ia 4500
008 240624s9999 xx 000 0 und d
041 _aeng
082 _a339.21 DRE
100 _aDRENNAN MATTHEW
245 _aINCOME INEQUALITY WHY IT MATTERS AND WHY
260 _c2015
_aNew Haven & Lodon
_bYale University Press
300 _a155 p.
365 _c
_b33
999 _c32663
_d32663